Hydrodynamics (Record no. 7784)

MARC details
000 -LEADER
fixed length control field 00336nam a22001457a 4500
003 - CONTROL NUMBER IDENTIFIER
control field NG-AbAUS
008 - FIXED-LENGTH DATA ELEMENTS--GENERAL INFORMATION
fixed length control field 160726b xxu||||| |||| 00| 0 eng d
082 ## - DEWEY DECIMAL CLASSIFICATION NUMBER
Classification number 532 Si76
100 ## - MAIN ENTRY--PERSONAL NAME
Personal name Sir Lamb Horace
9 (RLIN) 760
245 ## - TITLE STATEMENT
Title Hydrodynamics
250 ## - EDITION STATEMENT
Edition statement 6
260 ## - PUBLICATION, DISTRIBUTION, ETC. (IMPRINT)
Place of publication, distribution, etc New York
Name of publisher, distributor, etc Dover publication
Date of publication, distribution, etc 1932
300 ## - PHYSICAL DESCRIPTION
Extent 738
942 ## - ADDED ENTRY ELEMENTS (KOHA)
Source of classification or shelving scheme Dewey Decimal Classification
Item type Book

No items available.